| 000 | 00621nam a2200205 a 4500 | ||
|---|---|---|---|
| 005 | 20140310183430.0 | ||
| 008 | 080110s19uu xx 00 eng d | ||
| 020 | _a9789812659846 | ||
| 050 |
_aPE 1128 _b.R634423Li 2007 |
||
| 100 | _aRogers, Bruce | ||
| 245 |
_aThe complete guide to the TOEFL test : _blistening / |
||
| 250 | _aiBT ed. | ||
| 260 |
_aAustralia : _bThomson, _c2007. |
||
| 300 |
_a196 p. : _bill. ; _c27 cm. |
||
| 650 | _aTest of English as a Foreign Language. | ||
| 650 |
_aEnglish language _xStudy and teaching _xForeign speakers. |
||
| 650 | _aListening. | ||
| 942 |
_cBK _2lcc _kFOR |
||
| 999 |
_c22715 _d22715 |
||